000 00415nam a2200181Ia 4500
001 10227
005 20260306161816.0
008 260306t1974||||xx |||||||||||||| ||spa||
041 _aESP
082 _a909.07
_bD246
100 _aDhondt, Jan
_eAUT
245 0 _aLa alta edad media
260 _c1974
300 _aviii, 426 páginas :
_c18 cm.
650 _aGEN
654 _aCHU
942 _cLIB
_dJUS
_fJUS
_2ddc
_n
999 _c10227
_d10227